000 00802nam a2200253 a 4500
001 000035998
003 DO-SdBPM
005 20250610120114.0
007 000035998
008 111122s2004 dr a 000 0 spa d
020 _a9945110004
040 _aDO-SdBPM
_bspa
_cBPMSU
082 4 _a790.1922
_bB858t 2008
_222
245 0 0 _aBrinca la tablita... :
_bcanciones y juegos tradicionales dominicanos /
_ccompilación y notas Xiomarita Pérez.
260 _aSanto Domingo :
_bEdiorial Santillana,
_c2008
300 _a77 p. :
_bil. ;
_c19 cm.
500 _a
590 _aInventariado, 2025/VM
650 4 _aCanciones infantiles dominicanas
_v
650 4 _aJuegos infantiles
700 1 _aPérez, Xiomarita,
_ecompiladora
910 _aVMateo V. Control de calidad. BPMSU
942 _2ddc
_cBK
999 _c7239
_d7239